Biodiversity of mangroves / (Record no. 2301)

000 -LEADER
fixed length control field 00421nam a22001577a 4500
008 - FIXED-LENGTH DATA ELEMENTS--GENERAL INFORMATION
fixed length control field 200220b ||||| |||| 00| 0 eng d
020 ## - INTERNATIONAL STANDARD BOOK NUMBER
International Standard Book Number 8170354366
082 00 - DEWEY DECIMAL CLASSIFICATION NUMBER
Classification number 577.698
Item number C4966
100 ## - MAIN ENTRY--PERSONAL NAME
9 (RLIN) 1881
Personal name Chaudhuri, A.B.
245 10 - TITLE STATEMENT
Title Biodiversity of mangroves /
250 ## - EDITION STATEMENT
Edition statement 1st ed.
260 ## - PUBLICATION, DISTRIBUTION, ETC. (IMPRINT)
Place of publication, distribution, etc Delhi,
Name of publisher, distributor, etc Daya Publication:
Date of publication, distribution, etc 2007.
300 ## - PHYSICAL DESCRIPTION
Extent xx, 332 p.
650 #0 - SUBJECT ADDED ENTRY--TOPICAL TERM
Topical term or geographic name as entry element Aquatic Biodiversity
942 ## - ADDED ENTRY ELEMENTS (KOHA)
Item type Books
Holdings
Withdrawn status Lost status Source of classification or shelving scheme Damaged status Not for loan Permanent location Current location Date acquired Source of acquisition Full call number Barcode Date last seen Cost, replacement price Koha item type
          IMU Kolkata IMU Kolkata 2009-03-30 R. B. Enterprises 577.698 C4966 10750 2020-02-20 850.00 Books
Designed and Maintained by IMU-KC Library, Kolkata Campus © Copyright All Rights Reserved

webs counters

Powered by Koha